[Event "Vlissingen op 25th"]
[Site "Vlissingen"]
[Date "2023.08.08"]
[Round "5"]
[White "De Jong, Migchiel"]
[Black "Emans, Job"]
[Result "1/2-1/2"]
[WhiteElo "2313"]
[BlackElo "2084"]
[PlyCount "67"]
[EventDate "2023.08.05"]
[EventType "swiss"]
[EventRounds "9"]
[EventCountry "NED"]
[SourceTitle "CBM 215 Extra"]
[Source "ChessBase"]
[SourceDate "2023.09.30"]
[SourceVersion "1"]
[SourceVersionDate "2023.09.30"]
[SourceQuality "1"]

1. e4 e5 2. Nf3 Nc6 3. Bb5 a6 4. Ba4 Nf6 5. 0-0 Be7 6. d3 b5 7. Bb3 d6 8. a3 Na5 9. Ba2 Be6 10. b4 Bxa2 11. Rxa2 Nc6 12. c4 Nd4 13. Nc3 Nxf3+ 14. Qxf3 c6 15. a4 0-0 16. axb5 axb5 17. Rxa8 Qxa8 18. cxb5 cxb5 19. Bg5 Qa3 20. Bxf6 Bxf6 21. Nd5 Bg5 22. g3 g6 23. h4 Bd8 24. h5 f5 25. hxg6 hxg6 26. Kg2 Kg7 27. Rh1 fxe4 28. Qxe4 Qa2 29. Rf1 Qa7 30. f4 Qa2+ 31. Rf2 Qa1 32. Rf1 Qa2+ 33. Rf2 Qa1 34. Rf1 1/2-1/2

[Event "Groningen op 58th"]
[Site "Groningen"]
[Date "2022.12.27"]
[Round "6"]
[White "Achuthan, Dylan"]
[Black "De Jong, Migchiel"]
[Result "1/2-1/2"]
[WhiteElo "2081"]
[BlackElo "2336"]
[PlyCount "69"]
[EventDate "2022.12.21"]
[EventType "swiss"]
[EventRounds "9"]
[EventCountry "NED"]
[SourceTitle "CBM 211 Extra"]
[Source "ChessBase"]
[SourceDate "2023.01.31"]
[SourceVersion "1"]
[SourceVersionDate "2023.01.31"]
[SourceQuality "1"]

1. e4 c5 2. Nf3 e6 3. c3 d5 4. exd5 exd5 5. d4 a6 6. Be3 cxd4 7. Nxd4 Nf6 8. h3 Bd6 9. Nd2 0-0 10. Be2 Re8 11. 0-0 Nc6 12. N2f3 Ne4 13. Re1 Bc7 14. Qb3 Na5 15. Qc2 Nc4 16. Bxc4 dxc4 17. Bf4 Bxf4 18. Rxe4 Bd6 19. Rxe8+ Qxe8 20. Re1 Qd8 21. Qe4 Bf8 22. Ne5 Qc7 23. Qd5 Rb8 24. Qxc4 Qxc4 25. Nxc4 Bd7 26. Nb6 Be8 27. Nd5 f6 28. Nc7 Bf7 29. Nce6 Re8 30. Kf1 Bd6 31. f4 b5 32. a3 g6 33. g4 h6 34. Kf2 Kh7 35. Re2 1/2-1/2

[Event "Groningen op 58th"]
[Site "Groningen"]
[Date "2022.12.23"]
[Round "3"]
[White "De Jong, Migchiel"]
[Black "Van der Hagen, Loek"]
[Result "0-1"]
[WhiteElo "2336"]
[BlackElo "2145"]
[PlyCount "76"]
[EventDate "2022.12.21"]
[EventType "swiss"]
[EventRounds "9"]
[EventCountry "NED"]
[SourceTitle "CBM 211 Extra"]
[Source "ChessBase"]
[SourceDate "2023.01.31"]
[SourceVersion "1"]
[SourceVersionDate "2023.01.31"]
[SourceQuality "1"]

1. Nf3 Nf6 2. c4 g6 3. d4 Bg7 4. e3 0-0 5. Be2 d6 6. 0-0 c5 7. d5 e5 8. dxe6 fxe6 9. Qc2 Qe7 10. Nc3 Nc6 11. Rd1 Rd8 12. e4 e5 13. Bg5 Be6 14. Nd5 Qf7 15. h3 Rac8 16. Be3 h6 17. Nh2 Nd4 18. Bxd4 cxd4 19. Qd3 h5 20. Nf3 Bh6 21. b4 Bxd5 22. cxd5 Rc3 23. Qb1 Rdc8 24. Bd3 Qd7 25. b5 Qc7 26. Kh2 Qa5 27. Ng1 Rc1 28. Qb2 Rxa1 29. Qxa1 Nd7 30. Ne2 Rf8 31. Kg1 Nc5 32. Qb1 Kg7 33. h4 Qd8 34. g3 Qf6 35. Rf1 Qf3 36. Bc4 Nxe4 37. Qd3 Be3 38. Kh2 Nxf2 0-1

[Event "Groningen op 57th"]
[Site "Groningen"]
[Date "2019.12.28"]
[Round "7"]
[White "Hilwerda, Jonas"]
[Black "De Jong, Migchiel"]
[Result "0-1"]
[WhiteElo "2228"]
[BlackElo "2326"]
[PlyCount "42"]
[EventDate "2019.12.21"]
[EventType "swiss"]
[EventRounds "9"]
[EventCountry "NED"]
[SourceTitle "CBM 194 Extra"]
[Source "ChessBase"]
[SourceDate "2020.03.31"]
[SourceVersion "1"]
[SourceVersionDate "2020.03.31"]
[SourceQuality "1"]

1. e4 e6 2. d4 d5 3. Nc3 Bb4 4. e5 c5 5. a3 Bxc3+ 6. bxc3 Qc7 7. Qg4 f5 8. Qg3 Nc6 9. Nf3 cxd4 10. cxd4 Nge7 11. Bd2 0-0 12. Bd3 Bd7 13. h4 f4 14. Qg4 Nxd4 15. Bxh7+ Kxh7 16. Qh5+ Kg8 17. Nxd4 Rf5 18. Nxf5 Qxe5+ 19. Be3 Qc3+ 20. Ke2 Nxf5 21. Rab1 fxe3 0-1

[Event "Groningen op 57th"]
[Site "Groningen"]
[Date "2019.12.23"]
[Round "3"]
[White "De Jong, Migchiel"]
[Black "Grutter, Tim"]
[Result "1/2-1/2"]
[WhiteElo "2326"]
[BlackElo "2214"]
[PlyCount "76"]
[EventDate "2019.12.21"]
[EventType "swiss"]
[EventRounds "9"]
[EventCountry "NED"]
[SourceTitle "CBM 194 Extra"]
[Source "ChessBase"]
[SourceDate "2020.03.31"]
[SourceVersion "1"]
[SourceVersionDate "2020.03.31"]
[SourceQuality "1"]

1. e4 c5 2. Nf3 Nc6 3. Nc3 Nf6 4. Bb5 Qc7 5. 0-0 Nd4 6. Re1 a6 7. Bf1 Ng4 8. g3 Nxf3+ 9. Qxf3 Ne5 10. Qd1 e6 11. d3 d6 12. Bg2 Be7 13. a4 0-0 14. f4 Nc6 15. Be3 b6 16. Qd2 Bb7 17. g4 Rac8 18. g5 Nd4 19. Ne2 Nxe2+ 20. Qxe2 d5 21. Qg4 f5 22. Qh3 Bd6 23. e5 Be7 24. c3 Bc6 25. d4 c4 26. Reb1 b5 27. axb5 axb5 28. b4 Ra8 29. Bf3 Ra7 30. Qg2 Rfa8 31. Qb2 Qb7 32. Bd1 Ra6 33. Bc1 R8a7 34. Rxa6 Qxa6 35. Qc2 Qb7 36. Bb2 Qa8 37. Qc1 Ra2 38. Ra1 Rxa1 1/2-1/2

[Event "Oberliga Nord N 1920"]
[Site "Germany"]
[Date "2019.11.24"]
[Round "3.3"]
[White "De Jong, Migchiel"]
[Black "Spiric, Igor"]
[Result "1-0"]
[WhiteElo "2323"]
[BlackElo "2265"]
[PlyCount "73"]
[EventDate "2019.09.29"]
[EventType "team-tourn"]
[EventRounds "9"]
[EventCountry "GER"]
[SourceTitle "CBM 195 Extra"]
[Source "ChessBase"]
[SourceDate "2020.05.31"]
[SourceVersion "1"]
[SourceVersionDate "2020.05.31"]
[SourceQuality "1"]

1. Nf3 Nf6 2. c4 e6 3. g3 b6 4. Bg2 Bb7 5. d4 c5 6. d5 exd5 7. Nh4 g6 8. Nc3 Bg7 9. 0-0 0-0 10. cxd5 d6 11. e4 a6 12. f4 Nfd7 13. a4 b5 14. axb5 axb5 15. Rxa8 Bxa8 16. Nxb5 Qb6 17. Na3 Qb4 18. Nc2 Qb5 19. Ne3 Bxb2 20. Bxb2 Qxb2 21. Nc4 Qf6 22. e5 dxe5 23. fxe5 Qa6 24. Qg4 Nb6 25. Ne3 Qd3 26. Nhf5 Kh8 27. Qg5 N8d7 28. Nh6 Nxd5 29. Bxd5 Bxd5 30. Rd1 Qe2 31. Rxd5 f6 32. exf6 Ra8 33. Rxd7 Ra1+ 34. Rd1 Rxd1+ 35. Nxd1 Qxd1+ 36. Kg2 Qe2+ 37. Kh3 1-0

[Event "Hoogeveen op 23rd"]
[Site "Hoogeveen"]
[Date "2019.10.21"]
[Round "3"]
[White "De Jong, Migchiel"]
[Black "Vrolijk, Liam"]
[Result "0-1"]
[WhiteElo "2330"]
[BlackElo "2478"]
[PlyCount "66"]
[EventDate "2019.10.19"]
[EventType "swiss"]
[EventRounds "9"]
[EventCountry "NED"]
[SourceTitle "CBM 192 Extra"]
[Source "Chessbase"]
[SourceDate "2019.11.06"]
[SourceVersion "1"]
[SourceVersionDate "2019.11.06"]
[SourceQuality "1"]

1. Nf3 d5 2. d4 Nf6 3. c4 e6 4. g3 Be7 5. Bg2 0-0 6. 0-0 dxc4 7. Qc2 b5 8. a4 b4 9. Nfd2 Nd5 10. Nxc4 c5 11. dxc5 Ba6 12. Nbd2 Nd7 13. e4 N5f6 14. c6 Nc5 15. e5 Nd5 16. b3 Rc8 17. Bb2 Rxc6 18. Rac1 Qc7 19. Rfd1 Rc8 20. Bf1 Bg5 21. Nd6 Bxf1 22. Kxf1 Bxd2 23. Rxd2 Nxb3 24. Qxb3 Rxc1+ 25. Kg2 Rc2 26. Rd3 Rf8 27. Bd4 Rc1 28. Rf3 Qc2 29. Qxc2 Rxc2 30. Bxa7 Rc3 31. Nb5 Rxf3 32. Kxf3 b3 33. a5 Ra8 0-1

[Event "Vlissingen HZ op 23rd"]
[Site "Vlissingen"]
[Date "2019.08.05"]
[Round "4"]
[White "Werle, Jan"]
[Black "De Jong, Migchiel"]
[Result "1-0"]
[WhiteElo "2540"]
[BlackElo "2331"]
[PlyCount "117"]
[EventDate "2019.08.03"]
[EventType "swiss"]
[EventRounds "9"]
[EventCountry "NED"]
[SourceTitle "CBM 191 Extra"]
[Source "ChessBase"]
[SourceDate "2019.09.30"]
[SourceVersion "1"]
[SourceVersionDate "2019.09.30"]
[SourceQuality "1"]

1. d4 e6 2. c4 Bb4+ 3. Nd2 Nf6 4. a3 Be7 5. e4 d6 6. Bd3 Nbd7 7. Ngf3 e5 8. 0-0 a5 9. b3 0-0 10. Bb2 Re8 11. Re1 Bf8 12. d5 Nh5 13. g3 g6 14. b4 Ng7 15. Qc2 c5 16. bxa5 Rxa5 17. Bc3 Ra7 18. Nh4 Be7 19. Ng2 Rf8 20. f4 f5 21. Nf3 fxe4 22. Bxe4 Bf6 23. fxe5 Nxe5 24. Nxe5 Bxe5 25. Bxe5 dxe5 26. Qb2 Qd6 27. Nh4 Bf5 28. Bg2 Re8 29. Re3 b6 30. Rae1 Rae7 31. Nf3 Bc8 32. Rxe5 Nf5 33. Rxe7 Rxe7 34. Rb1 Ba6 35. Ng5 Nd4 36. Ne4 Qe5 37. Qxb6 Bxc4 38. Qb8+ Qxb8 39. Rxb8+ Kg7 40. d6 Rd7 41. Rc8 Ne6 42. Bh3 Rb7 43. Bxe6 Rb1+ 44. Kf2 Bxe6 45. d7 Rb2+ 46. Ke3 Bxd7 47. Rc7 Rxh2 48. Rxd7+ Kf8 49. Nxc5 h5 50. a4 Ra2 51. Kf4 Ke8 52. Ra7 Rf2+ 53. Ke3 Rg2 54. Ne4 Kd8 55. a5 Kc8 56. a6 Kb8 57. Rb7+ Ka8 58. Kf3 Rh2 59. Nc3 1-0

[Event "Leiden op-A 13th"]
[Site "Leiden"]
[Date "2019.07.14"]
[Round "3"]
[White "De Jong, Migchiel"]
[Black "Beerdsen, Thomas"]
[Result "1/2-1/2"]
[WhiteElo "2345"]
[BlackElo "2497"]
[PlyCount "123"]
[EventDate "2019.07.12"]
[EventType "swiss"]
[EventRounds "9"]
[EventCountry "NED"]
[SourceTitle "EXT 2020"]
[Source "ChessBase"]
[SourceDate "2019.10.17"]
[SourceVersion "1"]
[SourceVersionDate "2019.10.17"]
[SourceQuality "1"]

1. Nf3 Nf6 2. c4 b6 3. g3 Bb7 4. Bg2 e6 5. d4 Be7 6. 0-0 0-0 7. Nc3 Ne4 8. Qc2 Nxc3 9. Qxc3 c5 10. Rd1 Bf6 11. Qd3 Nc6 12. d5 Nb4 13. Qb1 exd5 14. a3 Nc6 15. cxd5 Nd4 16. Nxd4 Bxd4 17. e3 Bf6 18. Bd2 d6 19. a4 a6 20. Bc3 b5 21. axb5 axb5 22. Rxa8 Bxa8 23. Qf5 Bxc3 24. bxc3 g6 25. Qf4 Qe7 26. Ra1 Rb8 27. Ra6 b4 28. cxb4 cxb4 29. Rxd6 Qe8 30. Rd7 Rc8 31. Rc7 b3 32. d6 Rxc7 33. dxc7 Bxg2 34. Kxg2 Qc6+ 35. Kh3 Qd7+ 36. g4 h5 37. f3 hxg4+ 38. fxg4 b2 39. Qb4 Qxc7 40. Qxb2 Qc4 41. Qb8+ Kg7 42. Qe5+ Kg8 43. Qf4 Qe6 44. Kg3 Qb6 45. h4 Qa5 46. Kh3 Qd5 47. Qf2 Qe4 48. Kg3 Qe5+ 49. Qf4 Qa5 50. Qf3 Qe5+ 51. Kh3 Qe6 52. Kg3 Qe5+ 53. Kg2 Kg7 54. h5 gxh5 55. gxh5 Qg5+ 56. Kf2 f5 57. Qg3 Kh6 58. Qxg5+ Kxg5 59. Kf3 Kxh5 60. Kf4 Kg6 61. e4 fxe4 62. Kxe4 1/2-1/2

[Event "Oberliga Nord N 1819"]
[Site "Germany"]
[Date "2019.01.20"]
[Round "5.4"]
[White "Korba, Roman"]
[Black "De Jong, Migchiel"]
[Result "1/2-1/2"]
[WhiteElo "2128"]
[BlackElo "2315"]
[PlyCount "147"]
[EventDate "2018.10.21"]
[EventType "team-tourn"]
[EventRounds "9"]
[EventCountry "GER"]
[SourceTitle "EXT 2020"]
[Source "ChessBase"]
[SourceDate "2019.10.17"]
[SourceVersion "1"]
[SourceVersionDate "2019.10.17"]
[SourceQuality "1"]
[WhiteTeam "Hamburg Diogenes"]
[BlackTeam "Schwerin SF"]
[WhiteTeamCountry "GER"]
[BlackTeamCountry "GER"]

1. d4 e6 2. Nf3 c5 3. g3 b5 4. Bg2 Bb7 5. c3 Nf6 6. 0-0 Be7 7. Bg5 cxd4 8. cxd4 0-0 9. Nbd2 d6 10. Re1 Nbd7 11. a4 a6 12. Qb3 Qb6 13. Bxf6 Bxf6 14. e3 Rab8 15. axb5 axb5 16. Qb4 Be7 17. Rec1 Nf6 18. Nc4 Qd8 19. Na5 Qd7 20. Nxb7 Rxb7 21. Ne1 d5 22. Qa5 Bd8 23. Qa6 Rb6 24. Qa7 Rb7 25. Qa6 Rb6 26. Qa2 Ne4 27. Nd3 Nd6 28. Ne5 Qb7 29. Qa7 Re8 30. b3 b4 31. Bf1 Re7 32. Qa8 Re8 33. Ra7 Qxa8 34. Rxa8 Bc7 35. Ra7 Bb8 36. Ra8 Bc7 37. Ra4 Bb8 38. Rc6 Rxc6 39. Nxc6 Bc7 40. Nxb4 Ne4 41. Nc6 f6 42. b4 e5 43. Ra7 Bd6 44. Rd7 exd4 45. exd4 Ra8 46. Bh3 Ng5 47. Bg4 Bf8 48. h4 Ne4 49. Be6+ Kh8 50. Bxd5 Nc3 51. Bc4 g6 52. b5 Ra1+ 53. Kg2 Rb1 54. Nd8 Rb4 55. Rc7 Nxb5 56. Bxb5 Rxb5 57. Ne6 Rb8 58. Rf7 Bb4 59. Rxf6 Kg8 60. h5 Be7 61. Rf3 gxh5 62. Rf5 h4 63. g4 Rb3 64. f3 Re3 65. d5 Rd3 66. g5 Rd1 67. Kh3 Rh1+ 68. Kg4 h3 69. Kg3 Bb4 70. Kf2 Be1+ 71. Ke2 Bb4 72. Kf2 Be1+ 73. Ke2 Bb4 74. Kf2 1/2-1/2

[Event "Hoogeveen op 22nd"]
[Site "Hoogeveen"]
[Date "2018.10.26"]
[Round "8"]
[White "Colijn, Stefan"]
[Black "De Jong, Migchiel"]
[Result "1/2-1/2"]
[WhiteElo "2340"]
[BlackElo "2309"]
[PlyCount "25"]
[EventDate "2018.10.20"]
[EventType "swiss"]
[EventRounds "9"]
[EventCountry "NED"]
[SourceTitle "CBM 187 Extra"]
[Source "ChessBase"]
[SourceDate "2018.11.04"]
[SourceVersion "1"]
[SourceVersionDate "2018.11.04"]
[SourceQuality "1"]

1. Nf3 c5 2. c4 Nf6 3. Nc3 d5 4. cxd5 Nxd5 5. Qa4+ Nc6 6. Ne5 Ndb4 7. a3 Nc2+ 8. Qxc2 Nxe5 9. g3 Bd7 10. Bg2 Bc6 11. 0-0 e6 12. d3 Be7 13. Bd2 1/2-1/2

[Event "Hoogeveen op 22nd"]
[Site "Hoogeveen"]
[Date "2018.10.22"]
[Round "4"]
[White "Beerdsen, Thomas"]
[Black "De Jong, Migchiel"]
[Result "1/2-1/2"]
[WhiteElo "2460"]
[BlackElo "2309"]
[PlyCount "45"]
[EventDate "2018.10.20"]
[EventType "swiss"]
[EventRounds "9"]
[EventCountry "NED"]
[SourceTitle "CBM 187 Extra"]
[Source "ChessBase"]
[SourceDate "2018.11.04"]
[SourceVersion "1"]
[SourceVersionDate "2018.11.04"]
[SourceQuality "1"]

1. e4 c5 2. Nf3 e6 3. b3 b6 4. Bd3 Bb7 5. 0-0 Nc6 6. Re1 Nge7 7. Bb2 Ng6 8. g3 d6 9. Na3 a6 10. Bf1 b5 11. c4 b4 12. Nc2 e5 13. Ne3 Be7 14. h4 Nf8 15. Nd5 Ne6 16. Bh3 0-0 17. Nh2 Ncd4 18. Nf3 a5 19. Nxd4 cxd4 20. a3 Bxd5 21. cxd5 Nc5 22. Bf1 Qd7 23. Qf3 1/2-1/2